When china rules the world : (Record no. 14994)

000 -LEADER
fixed length control field 02328nam a2200313 a 4500
001 - CONTROL NUMBER
control field ASIN0140276041
005 - DATE AND TIME OF LATEST TRANSACTION
control field 20170105102908.0
008 - FIXED-LENGTH DATA ELEMENTS--GENERAL INFORMATION
fixed length control field 131025s2011 xxu eng d
020 ## - INTERNATIONAL STANDARD BOOK NUMBER
International Standard Book Number 0140276041 (paperback)
Terms of availability $29.00
020 ## - INTERNATIONAL STANDARD BOOK NUMBER
International Standard Book Number 9780140276046 (paperback)
040 ## - CATALOGING SOURCE
Original cataloging agency 0
050 04 - LIBRARY OF CONGRESS CALL NUMBER
Classification number JZ1734
082 04 - DEWEY DECIMAL CLASSIFICATION NUMBER
Classification number 327.51
100 1# - MAIN ENTRY--PERSONAL NAME
Personal name Jacques, Martin.
245 10 - TITLE STATEMENT
Title When china rules the world :
Remainder of title the rise of the middle kingdom and the end of the western world /
Statement of responsibility, etc. Martin Jacques.
250 ## - EDITION STATEMENT
Edition statement 2nd Revised edition.
260 ## - PUBLICATION, DISTRIBUTION, ETC.
Place of publication, distribution, etc. [S.l.] :
Name of publisher, distributor, etc. Penguin Books,
Date of publication, distribution, etc. 2011.
300 ## - PHYSICAL DESCRIPTION
Extent 848 p. ;
Dimensions 20 cm.
520 ## - SUMMARY, ETC.
Summary, etc. China will replace the United States as the world's dominant power. In so doing, it will not become more western but the world will become more Chinese. Jacques argues that we cannot understand China in western terms but only through its own history and culture. To this end, he introduces a powerful set of ideas including China as a civilization-state, the tributary system, the Chinese idea of race, a very different concept of the state, and the principle of contested modernity. First published in 2009 to widespread critical acclaim - and controversy - "When China Rules the World: The End of the Western World and the Rise of a New Global Order" has sold a quarter of a million copies, been translated into eleven languages, nominated for two major literary awards, and has been the subject of an immensely popular TED talk. In the three years since the first edition was published, the book has transformed the debate about China worldwide and proved remarkably prescient. In this greatly expanded and fully updated paperback edition, with nearly three-hundred pages of new material backed up by the latest statistical data, Martin Jacques renews his assault on conventional thinking about China's ascendancy, showing how its impact will be as much political and cultural as economic, thereby transforming the world as we know it.
650 #0 - SUBJECT ADDED ENTRY--TOPICAL TERM
Topical term or geographic name entry element China
650 #0 - SUBJECT ADDED ENTRY--TOPICAL TERM
Topical term or geographic name entry element Economic history
650 #0 - SUBJECT ADDED ENTRY--TOPICAL TERM
Topical term or geographic name entry element Globalization--Economic aspects
650 #0 - SUBJECT ADDED ENTRY--TOPICAL TERM
Topical term or geographic name entry element International economic relations
650 #0 - SUBJECT ADDED ENTRY--TOPICAL TERM
Topical term or geographic name entry element International relations
650 #0 - SUBJECT ADDED ENTRY--TOPICAL TERM
Topical term or geographic name entry element Political science
650 #0 - SUBJECT ADDED ENTRY--TOPICAL TERM
Topical term or geographic name entry element Western countries
856 40 - ELECTRONIC LOCATION AND ACCESS
Materials specified Amazon.com
Uniform Resource Identifier <a href="http://www.amazon.com/exec/obidos/ASIN/0140276041/chopaconline-20">http://www.amazon.com/exec/obidos/ASIN/0140276041/chopaconline-20</a>
942 ## - ADDED ENTRY ELEMENTS (KOHA)
Source of classification or shelving scheme
Koha item type Book
Holdings
Withdrawn status Lost status Damaged status Not for loan Collection code Permanent Location Current Location Shelving location Date acquired Total Checkouts Full call number Barcode Date last seen Date last checked out Price effective from Koha item type
          Centre for International Peace & Stability (CIPS) Centre for International Peace & Stability (CIPS) General Stacks 10/01/2013 1 327.51 JAC 2012 CIPS0001669 10/01/2018 09/19/2018 10/25/2013 Book
© 2023 Central Library, National University of Sciences and Technology. All Rights Reserved.